书目信息 |
| 题名: |
毕业论文精选与写作指导
|
|
| 作者: | 杨秀芸 编著 | |
| 分册: | ||
| 出版信息: | 武汉 中国建材工业出版社 2003.03 |
|
| 页数: | 219页 | |
| 开本: | 23cm | |
| 丛书名: | ||
| 单 册: | ||
| 中图分类: | G642.477 | |
| 科图分类: | ||
| 主题词: | 教育--各级 | |
| 电子资源: | ||
| ISBN: | 7-80159-408-8 | |
| 000 | 00578nam0 2200193 45 | |
| 001 | 0332039452 | |
| 005 | 2003031108535935 | |
| 010 | @a7-80159-408-8@dCNY 22.00 | |
| 100 | @a20030311d2003 km y0chiy0120 ea | |
| 101 | 0 | @achi |
| 102 | @aCN@b420000 | |
| 200 | 1 | @a毕业论文精选与写作指导@Abi ye lun wen jing xuan yu xie zuo zhi dao@f杨秀芸编著@FYang Xiu Yun Bian Zhu |
| 210 | @a武汉@c中国建材工业出版社@d2003.03 | |
| 215 | @a219页@d23cm | |
| 606 | 0 | @a教育@x各级 |
| 690 | @aG642.477@v3 | |
| 701 | 0 | @a杨秀芸@AYang Xiu Yun@4编著 |
| 801 | 0 | @aCN@bPFT@c20030311 |
| 905 | @dG642.477@eY308 | |
| 毕业论文精选与写作指导/杨秀芸编著.-武汉:中国建材工业出版社,2003.03 |
| 219页;23cm |
| ISBN 7-80159-408-8:CNY 22.00 |
| ● |
| 相关链接 |
|
|
|
正题名:毕业论文精选与写作指导
索取号:G642.477/Y308
 
预约/预借
| 序号 | 登录号 | 条形码 | 馆藏地/架位号 | 状态 | 备注 |
| 1 | 386226 | 203862267 | 社科库409/409社科库 11排2列4层/ [索取号:G642.477/Y308] | 在馆 | |
| 2 | 386227 | 203862276 | 社科库409/409社科库 11排2列5层/ [索取号:G642.477/Y308] | 在馆 | |
| 3 | 386228 | 203862285 | 社科库409/409社科库 11排2列4层/ [索取号:G642.477/Y308] | 在馆 |